Online
Catalog

A history of the life and voyages of Christopher Columbus / (Record no. 33279)

MARC details
000 -CABECERA
campo de control de longitud fija 00464nam a2200145 a 4500
001 - NÚMERO DE CONTROL
campo de control 000033788
005 - FECHA Y HORA DE LA ÚLTIMA TRANSACCIÓN
campo de control 20200930070523.0
008 - DATOS DE LONGITUD FIJA--INFORMACIÓN GENERAL
campo de control de longitud fija 110912s1828 nyu 000 0 eng d
040 ## - FUENTE DE LA CATALOGACIÓN
Centro catalogador/agencia de origen DO-SdBNP
Lengua de catalogación spa
Centro/agencia transcriptor BNPHU
082 ## - NÚMERO DE LA CLASIFICACIÓN DECIMAL DEWEY
Número de clasificación xxx
Número de documento/Ítem I72a
100 1# - ENTRADA PRINCIPAL--NOMBRE DE PERSONA
Nombre de persona Irving, Washington,
Fechas asociadas al nombre 1783-1859.
9 (RLIN) 11986
245 10 - MENCIÓN DE TÍTULO
Título A history of the life and voyages of Christopher Columbus /
Mención de responsabilidad, etc. Washington Irving.
260 ## - PUBLICACIÓN, DISTRIBUCIÓN, ETC.
Lugar de publicación, distribución, etc. New York :
Nombre del editor, distribuidor, etc. G. & C. Carvill,
Fecha de publicación, distribución, etc. 1828.
300 ## - DESCRIPCIÓN FÍSICA
Extensión 3 v. :
Otras características físicas map. ;
Dimensiones 24 cm.
Holdings
Estado de retiro Estado de pérdida Restricciones de uso No para préstamo Código de colección Localización permanente Ubicación/localización actual Ubicación en estantería Fecha de adquisición Número de inventario Total de préstamos Signatura topográfica completa Código de barras Fecha visto por última vez Precio válido a partir de Tipo de ítem Koha
      Excluido de préstamo Raros y valiosos General General En catalogación 12.09.2011 LF1   v.1 33788-10 25.06.2020 25.06.2020 No se presta
      Excluido de préstamo Raros y valiosos General General En catalogación 12.09.2011 LF1   v. 2 33788-20 25.06.2020 25.06.2020 No se presta
      Excluido de préstamo Raros y valiosos General General En catalogación 12.09.2011 LF1   v. 3 33788-30 25.06.2020 25.06.2020 No se presta
        Monografías: Libros y Folletos Patrimonio Dominicano Patrimonio Dominicano Orden iniciada 12.09.2011 LF1   xxx I72a 33789-10 25.06.2020 25.06.2020 No se presta

Powered by Koha